Alcaloides y plantas alcaloideas / (Record no. 107551)

MARC details
000 -LEADER
campo de control de longitud fija 00775nam a2200265 i 4500
001 - NÚMERO DE CONTROL
campo de control 107551
003 - IDENTIFICADOR DE NÚMERO DE CONTROL
campo de control ES-MaACL
005 - FECHA Y HORA DE LA ÚLTIMA TRANSACCIÓN
campo de control 20250829112200.0
007 - CAMPO FIJO DE DESCRIPCIÓN FÍSICA--INFORMACIÓN GENERAL
campo de control de longitud fija t|
008 - DATOS DE LONGITUD FIJA--INFORMACIÓN GENERAL
campo de control de longitud fija 061121s1973 sp r ||||1| spa d
020 ## - NÚMERO INTERNACIONAL ESTÁNDAR DEL LIBRO
Número Internacional Estándar del Libro 84-281-0232-5
080 ## - NÚMERO DE LA CLASIFICACIÓN DECIMAL UNIVERSAL
Número de la Clasificación Decimal Universal 547.94
080 ## - NÚMERO DE LA CLASIFICACIÓN DECIMAL UNIVERSAL
Número de la Clasificación Decimal Universal 633.7
100 1# - ENTRADA PRINCIPAL--NOMBRE DE PERSONA
Nombre de persona Moreau, Fernand.
9 (RLIN) 83207
245 10 - MENCIÓN DEL TÍTULO
Título Alcaloides y plantas alcaloideas /
Mención de responsabilidad, etc. por Fernand Moreau ; [ taducción de Abel Mariné Font ].
250 ## - MENCION DE EDICION
Mención de edición 1ª ed.
260 ## - PUBLICACIÓN, DISTRIBUCIÓN, ETC.
Lugar de publicación, distribución, etc. Vilassar de Mar (Barcelona) :
Nombre del editor, distribuidor, etc. Oikos,
Fecha de publicación, distribución, etc. 1973.
300 ## - DESCRIPCIÓN FÍSICA
Extensión 124 p. :
Otras características físicas il. ;
Dimensiones 18.
490 1# - MENCIÓN DE SERIE
Mención de serie ¿Qué sé? ;
Designación de volumen o secuencia 94
650 #4 - PUNTO DE ACCESO ADICIONAL DE MATERIA--TÉRMINO DE MATERIA
Término de materia o nombre geográfico como elemento de entrada Alcaloides.
9 (RLIN) 135546
700 1# - ENTRADA AGREGADA--NOMBRE PERSONAL
Nombre de persona Mariné Font, Abel.
9 (RLIN) 76837
830 1# - PUNTO DE ACCESO ADICIONAL DE SERIE-TÍTULO UNIFORME
Título uniforme ¿Qué sé?
Designación de volumen o secuencia 94
9 (RLIN) 181382
852 4# - LOCALIZACIÓN
Ubicación ES-MaACL
Número de control de estantería C-52601
Holdings
Estatus retirado Estado de pérdida Estado de daño No para préstamo Biblioteca de origen Biblioteca actual Ubicación en estantería Fecha de adquisición Fuente de adquisición Total de préstamos Signatura topográfica completa Código de barras Visto por última vez Precio de reemplazo Tipo de ítem Koha
        Biblioteca del Ateneo de Madrid Biblioteca del Ateneo de Madrid Depósito 2 17/01/2008     C-52601 1112244 23/02/2023 23/02/2023 Libro impreso